Border Lines : The Partition of Judaeo-Christianity / Daniel Boyarin.
Record details
- Physical Description: 374 s.
- Publisher: Philadelphia, Pa. : University of Pennsylvania Press, 2004
Content descriptions
| Bibliography, etc. Note: | Obsahuje bibliografické odkazy a rejstřík |
| Formatted Contents Note: | pt. 1. Making a difference : the heresiological beginnings of Christianity and Judaism -- pt. 2. The crucifixion of the Logos : how Logos theology became Christian -- pt. 3. Sparks of the Logos : historicizing rabbinic religion. |
Search for related items by subject
| Subject: | křesťanství |
| Genre: | elektronické knihy |
Search for related items by series
Available copies
- 1 of 1 copy available at Common Catalog SPOK.
Holds
- 0 current holds with 1 total copy.
Show Only Available Copies
| Location | Call Number / Copy Notes | Barcode | Shelving Location | Status | Due Date |
|---|---|---|---|---|---|
| ETS Library | 296.39609015 | 424470013987 | Volný výběr | Available | - |
Electronic resources
- Plný text - pro registrované uživatele NK ČR
- Related Resource: Informace o výpůjčkách e-knih
| LDR | 01714nam a2200409 a 4500 | ||
|---|---|---|---|
| 001 | 38172 | ||
| 003 | CZ-PrJAB | ||
| 005 | 20151211150046.0 | ||
| 006 | m u | ||
| 007 | cr cn | ||
| 008 | 030930s2004 xxu esb 001 0 cze d | ||
| 020 | . | ‡z978-0-8122-1986-9 | |
| 020 | . | ‡z0-8122-1986-4 ‡q(pbk :alk.paper | |
| 035 | . | ‡a(CONS)11329 | |
| 035 | . | ‡a(CZ PrSKC)ebr10491909 | |
| 035 | . | ‡a(OCoLC)759158186 | |
| 040 | . | ‡aCaPaEBR ‡bcze ‡dABA001 | |
| 072 | 7. | ‡a26 ‡xJudaismus ‡2Konspekt ‡95 | |
| 082 | . | ‡a296.39609015 | |
| 100 | 1 | . | ‡aBoyarin, Daniel |
| 245 | 1 | 0. | ‡aBorder Lines : ‡bThe Partition of Judaeo-Christianity / ‡cDaniel Boyarin. |
| 246 | 3 | . | ‡aBorderlines |
| 260 | . | ‡aPhiladelphia, Pa. : ‡bUniversity of Pennsylvania Press, ‡c2004 | |
| 300 | . | ‡a374 s. | |
| 490 | 1 | . | ‡aDivinations : rereading late ancient religion |
| 504 | . | ‡aObsahuje bibliografické odkazy a rejstřík | |
| 505 | 0 | . | ‡apt. 1. Making a difference : the heresiological beginnings of Christianity and Judaism -- pt. 2. The crucifixion of the Logos : how Logos theology became Christian -- pt. 3. Sparks of the Logos : historicizing rabbinic religion. |
| 650 | 0 | 7. | ‡akřesťanství ‡7ph115073 ‡2czenas |
| 655 | 7. | ‡aelektronické knihy ‡7fd186907 ‡2czenas | |
| 710 | 2 | . | ‡aebrary, Inc. ‡7kn20081114008 |
| 830 | 0. | ‡aDivinations. | |
| 852 | 4 | . | ‡bETS ‡bETS ‡cVolný výběr ‡j296.39609015 ‡p424470013987 ‡y$613.00 |
| 856 | 4 | 0. | ‡uhttp://site.ebrary.com/lib/natl/Doc?id=10491909 ‡yPlný text - pro registrované uživatele NK ČR ‡4N |
| 856 | 4 | 2. | ‡uhttp://www.nkp.cz/katalogy-a-databaze/licencovane-databaze/prehled-licencovanych-zdroju/ebrary-vypujcky ‡yInformace o výpůjčkách e-knih ‡4N |
| 910 | . | ‡aABG450 | |
| 999 | . | ‡a11329 ‡c11329 ‡tbiblio | |
| 905 | . | ‡uadmin | |
| 901 | . | ‡a38172 ‡b ‡c38172 ‡tbiblio ‡sets | |